Statystyki dla Nauka - Prawda czy Fałsz?

Kliknij tutaj aby rozwiązać quiz!

Ogólne statystyki

  • Ten quiz został rozwiązany 249 razy
  • Średni wynik to 10 z 15

Statystyki odpowiedzi

ZagadnienieOdpowiedź% Poprawnych
Owady są zwierzętamiPrawda
83%
Komórki roślinne mają ścianę komórkowąPrawda
82%
Istnieją części Księżyca, które nigdy nie są widoczne z ZiemiPrawda
82%
Każda planeta w Układzie Słonecznym ma co najmniej jeden księżycFałsz
73%
Ludzie są jedynymi zwierzętami zdolnymi do używania narzędziFałsz
73%
Niemożliwe jest rozbicie atomuFałsz
72%
Ziemia jest większa od MarsaPrawda
69%
Ziemia nigdy nie była cieplejsza niż jest terazFałsz
67%
Pandy wielkie są niedźwiedziamiPrawda
63%
Wieloryby mogą oddychać pod wodąFałsz
61%
Większość współczesnych ludzi ma DNA neandertalczykówPrawda
61%
Ptaki mają łożyskaFałsz
57%
Woda zawsze wrze w temperaturze 100° Celsjusza, plus lub minus 1 stopień.Fałsz
49%
Bieguny magnetyczne Ziemi mogą zamieniać się miejscamiPrawda
40%
Z biegiem czasu Ocean Spokojny staje się coraz szerszyFałsz
25%

Rozkład punktacji

Percentyl według liczby udzielonych odpowiedzi

Procent ludzi z każdym wynikiem

Twoja historia wyników

Nie rozwiązałeś tego quizu